000 02012nam0a2200373 i 4500
001 RU\NLR\BIBL_A\011250646
005 20260408124212.0
010 _a9785438608578
021 _aRU
_b2016-75916
_94932
035 _a(NILC)RuMoRGB-008638801
035 _a(NLR Aleph) 011250646
090 _a12165115
_c12165115
100 _a20161019d2015 k y0rusy50 ca
101 0 _arus
102 _aRU
105 _aa j 000zy
200 1 _aМетодические рекомендации по организации проектной деятельности, направленной на формирование социальной компетентности ребенка дошкольного возраста в условиях образовательной среды детского сада
_eиз опыта работы
_fГБДОУ Центр развития ребенка - Детский сад №96 Фрунзенского р-на Санкт-Петербурга
_g[Г. Г. Лукина, к.п.н. и др.]
210 _aСанкт-Петербург
_cСвое издательство
_d2015
215 _a299 с.
_cил.
_d20
320 _aБиблиогр.: с. 272
606 1 _aДошкольники
_xСоциальное воспитание
_92084106
_3RU\NLR\AUTH\661260186
606 1 _aДошкольные учреждения
_xВоспитательная работа
_xПроектов метод
_92290561
_3RU\NLR\AUTH\6601599337
610 0 _aсоциальное воспитание дошкольников
675 _a373
686 1 _aЧ411.352.212
686 1 _aЧ411.38
702 1 _aЛукина
_bГ. Г.
_gГалина Герасимовна
_4220
712 0 2 _4570
_aЦентр развития ребенка - детский сад
_c96; Санкт-Петербург
_9535060
_3RU\NLR\AUTH\880435349
801 0 _aRU
_bРГБ
_c20161005
_gRCR
942 _cBOOK
980 _aNBR